UBT Library

Lectures on advanced econometric theory / (Record no. 42670)

000 -LEADER
fixed length control field 00627pam a2200217 a 4500
001 - CONTROL NUMBER
control field 4327631
005 - DATE AND TIME OF LATEST TRANSACTION
control field 20180215073648.0
008 - FIXED-LENGTH DATA ELEMENTS--GENERAL INFORMATION
fixed length control field 880211s1988 enk b 001 0 eng
010 ## - LIBRARY OF CONGRESS CONTROL NUMBER
LC control number 88005093
020 ## - INTERNATIONAL STANDARD BOOK NUMBER
International Standard Book Number 0631149562 :
Terms of availability $50.00
040 ## - CATALOGING SOURCE
Original cataloging agency DLC
Transcribing agency DLC
Modifying agency DLC
041 ## - LANGUAGE CODE
Language code of text/sound track or separate title eng
080 ## - UNIVERSAL DECIMAL CLASSIFICATION NUMBER
Universal Decimal Classification number 330..028 joh
082 00 - DEWEY DECIMAL CLASSIFICATION NUMBER
Classification number 330..028 joh
Edition number 19
100 1# - Rafti
Rafti 54
101 ## - Shkurtesa
Shkurtesa eco
245 10 - TITLE STATEMENT
Title Lectures on advanced econometric theory /
Statement of responsibility, etc Denis Sargan ; edited and with an introduction by Meghnad Desai.
504 ## - BIBLIOGRAPHY, ETC. NOTE
Bibliography, etc Bibliography: p. [170]-173.
906 ## - LOCAL DATA ELEMENT F, LDF (RLIN)
a 7
b cbc
c orignew
d 1
e ocip
f 19
g y-gencatlg
942 ## - ADDED ENTRY ELEMENTS (KOHA)
Source of classification or shelving scheme
Item type Books
Holdings
Withdrawn status Lost status Source of classification or shelving scheme Damaged status Not for loan Collection code Permanent location Current location Shelving location Date acquired Total Checkouts Full call number Barcode Date last seen Price effective from Koha item type
          Koleksioni i përgjithshem UBT - Lipjan UBT - Lipjan Koleksioni i përgjithshem 02/15/2018   330..028 joh 002-2998879 02/15/2018 02/15/2018 Books
UBT Library © 2015-2024. All rights reserved University Education for Business and Technology